Top 20 Most Profitable Businesses - Statistics

General Stats
  • This quiz has been taken 673 times
  • The average score is 4 of 20
Answer Stats
Rank Total Profits Name of Business % Correct
2 $41,733.0 million Apple Inc
94%
17 $16,978.0 million Microsoft
74%
12 $20,585.7 million Samsung Electronics
50%
16 $16,999.0 million Walmart Stores
47%
7 $26,592.0 million Shell
26%
1 $44,880.0 million Exxon Mobil
25%
18 $16,604.0 million International Business Machines
16%
8 $26,179.0 million Chevron
12%
6 $27,909.1 million Volkswagen
11%
13 $18,897.0 million Wells Fargo
7%
9 $22,996.9 million Agricultural Bank of China
5%
3 $38,086.2 million Gazprom
5%
10 $22,099.5 million Bank of China
4%
20 $15,417.0 million BHP Billiton
3%
4 $37,806.5 million Industrial and Commercial Bank of China
3%
5 $30,618.2 million China Construction Bank
2%
19 $16,001.1 million Petronas
2%
14 $18,195.9 million China National Petroleum
1%
15 $17,220.0 million Fannie Mae
1%
11 $21,284.0 million JP Morgan Chase & Company
0%
No matching quizzes found
Score Distribution
Percent of People with Each Score
Percentile by Number Answered
Your Score History
You have not taken this quiz